00474pab a2200157 454500008004000000100002300040245004300063260000900106300001100115362000800126650002200134773002900156909001000185999001700195952010400212180718b1984 xxu||||| |||| 00| 0 eng d aHulten, Charles R. aTax policy and the investment decision c1984 a236-41 aMay aTaxation - U.S.A. aAmerican Economic Review a19060 c19060d19060 00104070aIIPAbIIPAd2018-07-19hVolume no: 72, Issue no: 2pAR19123r2018-07-19w2018-07-19yAR